[Event "Hessen-ch Seniors op 07th"]
[Site "Bad Sooden-Allendorf"]
[Date "2011.05.02"]
[Round "3"]
[White "Grams, Arthur"]
[Black "Grueneschild, Hildegard"]
[Result "1-0"]
[WhiteElo "1642"]
[BlackElo "1341"]
[PlyCount "74"]
[EventDate "2011.04.30"]
[EventType "swiss"]
[EventRounds "9"]
[EventCountry "GER"]
[SourceTitle "EXT 2012"]
[Source "ChessBase"]
[SourceDate "2011.11.24"]
[SourceVersion "1"]
[SourceVersionDate "2011.11.24"]
[SourceQuality "1"]

1. Nf3 Nf6 2. d4 g6 3. Bg5 Bg7 4. Nbd2 d6 5. e4 0-0 6. c3 c5 7. d5 h6 8. Bh4 Nbd7 9. Be2 Nh7 10. Nc4 g5 11. Bg3 Ndf6 12. Qc2 Nh5 13. 0-0-0 Nf4 14. Bxf4 gxf4 15. Qd2 f5 16. e5 b5 17. Na3 b4 18. cxb4 cxb4 19. Nc4 a5 20. Qxf4 dxe5 21. Nfxe5 Qc7 22. Kb1 Ng5 23. d6 exd6 24. Nxd6 Be6 25. Bc4 Bxc4 26. Qxc4+ Qxc4 27. Nexc4 a4 28. f4 Ne6 29. g3 Nc5 30. Rd5 Ne4 31. Nxf5 a3 32. Nxg7 Kxg7 33. Rd4 Nc5 34. Re1 axb2 35. Kxb2 Na4+ 36. Kb3 Nc3 37. a4 Nxa4 1-0

[Event "Baden-ch Seniors"]
[Site "Haslach im Kinzigtal"]
[Date "2010.06.04"]
[Round "7"]
[White "Grams, Arthur"]
[Black "Hinz, Ekkehard"]
[Result "0-1"]
[WhiteElo "1944"]
[BlackElo "2042"]
[PlyCount "66"]
[EventDate "2010.05.29"]
[EventType "swiss"]
[EventRounds "9"]
[EventCountry "GER"]
[SourceTitle "EXT 2011"]
[Source "ChessBase"]
[SourceDate "2010.11.26"]
[SourceVersion "1"]
[SourceVersionDate "2010.11.26"]
[SourceQuality "1"]

1. d4 c5 2. d5 Nf6 3. Bg5 Ne4 4. Bh4 Qb6 5. b3 Qb4+ 6. Nd2 Nxd2 7. Qxd2 Qxh4 8. Nf3 Qf6 9. Rb1 e6 10. c4 d6 11. g3 exd5 12. cxd5 Bf5 13. Bg2 Bxb1 14. 0-0 Bg6 15. e4 Be7 16. Re1 Nd7 17. Nh4 Qd4 18. Qe2 Bxh4 19. gxh4 h5 20. Kh1 Qf6 21. Bh3 0-0-0 22. e5 Qxe5 23. Qd2 Be4+ 24. Kg1 Qxd5 25. Qe2 f5 26. Rd1 Qc6 27. Qe3 Ne5 28. Qf4 Nf3+ 29. Kf1 g6 30. a4 Qa6+ 31. Kg2 Kb8 32. Kg3 Nd4 33. Bf1 Qxf1 0-1

[Event "Bayern-ch Seniors 20th"]
[Site "Bergen"]
[Date "2008.06.11"]
[Round "5.26"]
[White "Schulz, Volker2222"]
[Black "Grams, Arthur"]
[Result "1-0"]
[WhiteElo "1529"]
[BlackElo "1703"]
[PlyCount "99"]
[EventDate "2008.06.07"]
[EventType "swiss"]
[EventRounds "9"]
[EventCountry "GER"]
[SourceTitle "EXT 2022"]
[Source "ChessBase"]
[SourceDate "2021.10.06"]
[SourceVersion "1"]
[SourceVersionDate "2021.10.06"]
[SourceQuality "1"]

1. e4 e5 2. Nc3 Bb4 3. f4 exf4 4. Nf3 Qe7 5. d3 d6 6. Bxf4 Nf6 7. Bd2 0-0 8. a3 Ba5 9. Qe2 Re8 10. 0-0-0 Bg4 11. h3 Bxf3 12. gxf3 Bxc3 13. Bxc3 Nc6 14. f4 d5 15. e5 d4 16. Bd2 g6 17. Bg2 Nh5 18. Bf3 Ng3 19. Qg2 Nxh1 20. Rxh1 Qe6 21. Kb1 Ne7 22. Bg4 Nf5 23. h4 Kh8 24. Qh3 Qc6 25. Bf3 Qb6 26. h5 Rg8 27. c3 c5 28. Bd5 Raf8 29. hxg6 Rg7 30. Qxf5 Qxg6 31. Qh3 f5 32. exf6 Qxf6 33. Be4 Qf7 34. f5 Rfg8 35. Kc2 Qd7 36. Qh2 Rf8 37. Bf4 c4 38. Bh6 Rff7 39. Bxg7+ Rxg7 40. Qe5 dxc3 41. Rxh7+ Kxh7 42. f6+ Kh6 43. Qh2+ Kg5 44. fxg7 Qa4+ 45. Kxc3 Qa5+ 46. Kxc4 b5+ 47. Kd4 Qb6+ 48. Kc3 Qa5+ 49. Kb3 Qa4+ 50. Ka2 1-0

[Event "Bayern-ch Seniors 20th"]
[Site "Bergen"]
[Date "2008.06.10"]
[Round "4.30"]
[White "Grams, Arthur"]
[Black "Bernhart, Ernst"]
[Result "1-0"]
[WhiteElo "1703"]
[BlackElo "1572"]
[PlyCount "55"]
[EventDate "2008.06.07"]
[EventType "swiss"]
[EventRounds "9"]
[EventCountry "GER"]
[SourceTitle "EXT 2022"]
[Source "ChessBase"]
[SourceDate "2021.10.06"]
[SourceVersion "1"]
[SourceVersionDate "2021.10.06"]
[SourceQuality "1"]

1. Nf3 Nf6 2. b3 e6 3. Bb2 d5 4. e3 c5 5. c4 Nc6 6. cxd5 exd5 7. Be2 Be7 8. 0-0 0-0 9. d4 cxd4 10. Nxd4 Nxd4 11. Bxd4 b6 12. Nd2 Bb7 13. Nf3 Rc8 14. Rc1 Qd6 15. Be5 Qa3 16. Rxc8 Rxc8 17. Qa1 Rc2 18. Nd4 Rxa2 19. Qc1 Bc5 20. Bf3 Qb4 21. Rd1 Qa5 22. h3 Qa3 23. Qxa3 Rxa3 24. Rb1 Ra2 25. Nb5 Kf8 26. Bxf6 gxf6 27. Nc3 Ke7 28. Nxa2 1-0

[Event "Hessen-ch Seniors op 04th"]
[Site "Bad Sooden-Allendorf"]
[Date "2008.04.29"]
[Round "7"]
[White "Schiller, Hans"]
[Black "Grams, Arthur"]
[Result "1-0"]
[WhiteElo "1674"]
[BlackElo "1358"]
[PlyCount "141"]
[EventDate "2008.04.24"]
[EventType "swiss"]
[EventRounds "9"]
[EventCountry "GER"]
[SourceTitle "EXT 2022"]
[Source "ChessBase"]
[SourceDate "2021.10.06"]
[SourceVersion "1"]
[SourceVersionDate "2021.10.06"]
[SourceQuality "1"]

1. d4 Nf6 2. Nf3 g6 3. e3 Bg7 4. c4 c6 5. Nc3 0-0 6. Be2 d5 7. 0-0 Re8 8. h3 Nbd7 9. cxd5 cxd5 10. Qb3 e6 11. Bd2 a6 12. Rfc1 Bf8 13. a4 Bd6 14. Kh1 Nb8 15. Rab1 Nc6 16. Na2 Ne4 17. Be1 Kg7 18. Bd3 f5 19. Qc2 Bd7 20. b4 Rc8 21. Qe2 Na7 22. Rxc8 Qxc8 23. b5 axb5 24. axb5 Qd8 25. Nc3 Qe7 26. Kg1 Nc8 27. Qa2 h5 28. Qa8 b6 29. Na2 g5 30. Ne5 g4 31. Nxd7 Qxd7 32. h4 g3 33. Qc6 gxf2+ 34. Bxf2 Qe7 35. Bxe4 fxe4 36. Nc3 Rf8 37. Ne2 Qf7 38. Rf1 Bb8 39. Qc1 Qe8 40. Qb1 Qd7 41. Bg3 Bd6 42. Nf4 Rf5 43. Qd1 Kh6 44. Qe2 Ne7 45. Bh2 Ng6 46. g4 hxg4 47. Qxg4 Nxf4 48. Bxf4+ Bxf4 49. Rxf4 Rxf4 50. Qxf4+ Kh7 51. Qf6 Qg7+ 52. Qxg7+ Kxg7 53. Kg2 Kg6 54. Kg3 Kf5 55. h5 Kg5 56. h6 Kxh6 57. Kf4 Kg6 58. Ke5 Kf7 59. Kd6 Kf6 60. Kc6 Ke7 61. Kxb6 e5 62. Kc5 exd4 63. Kxd4 Kd6 64. b6 Kc6 65. b7 Kxb7 66. Kxd5 Kc7 67. Kxe4 Kd6 68. Kf5 Ke7 69. Ke5 Kd7 70. Kf6 Ke8 71. Ke6 1-0

[Event "Hessen-ch Seniors op 04th"]
[Site "Bad Sooden-Allendorf"]
[Date "2008.04.27"]
[Round "4"]
[White "Grams, Arthur"]
[Black "Mitzel, Robert"]
[Result "0-1"]
[WhiteElo "1730"]
[BlackElo "1952"]
[PlyCount "120"]
[EventDate "2008.04.24"]
[EventType "swiss"]
[EventRounds "9"]
[EventCountry "GER"]
[SourceTitle "EXT 2022"]
[Source "ChessBase"]
[SourceDate "2021.10.06"]
[SourceVersion "1"]
[SourceVersionDate "2021.10.06"]
[SourceQuality "1"]

1. Nf3 d5 2. e4 dxe4 3. Ng5 Nf6 4. Nc3 Bf5 5. Qe2 Qd7 6. Ngxe4 Nxe4 7. Nxe4 e6 8. d3 Nc6 9. c3 Be7 10. d4 0-0 11. Bg5 f6 12. Bf4 Rfe8 13. Ng3 Bg6 14. Qc4 Bf7 15. Qd3 Rad8 16. 0-0-0 e5 17. dxe5 Qg4 18. Qf3 Rxd1+ 19. Kxd1 Qxf3+ 20. gxf3 fxe5 21. Be3 Bxa2 22. Bb5 Bd5 23. Ke2 a6 24. Bd3 Na5 25. Rg1 g6 26. b4 Nc4 27. Bh6 Nd6 28. Ne4 Nf5 29. Bg5 Bxg5 30. Rxg5 Kf7 31. Rg4 Bxe4 32. fxe4 Nd6 33. c4 Kf6 34. h4 Nf7 35. Rg3 Ra8 36. c5 Nd8 37. Bc4 Ne6 38. Bxe6 Kxe6 39. h5 Kf6 40. Rd3 Ke7 41. Rh3 Rf8 42. hxg6 hxg6 43. Rh7+ Rf7 44. Rh8 Kd7 45. Rb8 Kc6 46. Re8 Kb5 47. Rxe5 Kxb4 48. Ke3 a5 49. f4 a4 50. Rd5 a3 51. Rd4+ Kxc5 52. Ra4 Rh7 53. e5 b5 54. Ra6 c6 55. Ke4 b4 56. Ra5+ Kc4 57. e6 b3 58. Rxa3 b2 59. Ra4+ Kc5 60. Ke5 b1Q 0-1

[Event "Hessen-ch Seniors op 04th"]
[Site "Bad Sooden-Allendorf"]
[Date "2008.04.26"]
[Round "3"]
[White "Burkardt, Robert"]
[Black "Grams, Arthur"]
[Result "0-1"]
[WhiteElo "1594"]
[BlackElo "1730"]
[PlyCount "64"]
[EventDate "2008.04.24"]
[EventType "swiss"]
[EventRounds "9"]
[EventCountry "GER"]
[SourceTitle "EXT 2022"]
[Source "ChessBase"]
[SourceDate "2021.10.06"]
[SourceVersion "1"]
[SourceVersionDate "2021.10.06"]
[SourceQuality "1"]

1. e4 e5 2. Nf3 Nc6 3. Bc4 Be7 4. d3 Nf6 5. 0-0 0-0 6. h3 d6 7. Nc3 Na5 8. Bb3 c6 9. Bg5 h6 10. Bh4 b5 11. a3 Nxb3 12. cxb3 a5 13. Nd2 Qb6 14. Bxf6 Bxf6 15. Ne2 Be6 16. Kh1 Qb7 17. Rc1 Bg5 18. f4 exf4 19. Nxf4 Bd7 20. Qf3 f5 21. Rcd1 fxe4 22. Qxe4 Rae8 23. Qd4 Qc7 24. Nh5 Be6 25. Rxf8+ Rxf8 26. Ne4 Bxb3 27. Nxg5 Bxd1 28. Ne6 Rf1+ 29. Kh2 Qf7 30. Qxg7+ Qxg7 31. Nexg7 Bxh5 32. Nxh5 a4 0-1

[Event "Hessen-ch Seniors op 04th"]
[Site "Bad Sooden-Allendorf"]
[Date "2008.04.25"]
[Round "2"]
[White "Grams, Arthur"]
[Black "Straub, Peter"]
[Result "0-1"]
[WhiteElo "1730"]
[BlackElo "2006"]
[PlyCount "42"]
[EventDate "2008.04.24"]
[EventType "swiss"]
[EventRounds "9"]
[EventCountry "GER"]
[SourceTitle "EXT 2022"]
[Source "ChessBase"]
[SourceDate "2021.10.06"]
[SourceVersion "1"]
[SourceVersionDate "2021.10.06"]
[SourceQuality "1"]

1. Nf3 Nf6 2. c4 g6 3. d4 d5 4. cxd5 Nxd5 5. e4 Nb6 6. b3 Bg7 7. Bb2 c5 8. e5 cxd4 9. Qxd4 0-0 10. Nbd2 Nc6 11. Qxd8 Rxd8 12. a3 Bg4 13. Bb5 Bxf3 14. Nxf3 Nxe5 15. Bxe5 Bxe5 16. Rc1 Bg7 17. Rc7 Rac8 18. Rxb7 Rc1+ 19. Ke2 Rxh1 20. Rxa7 Nd5 21. Bc4 Nf4+ 0-1

[Event "Chiemgau Seniors Cup 3th"]
[Site "Bergen"]
[Date "2007.10.30"]
[Round "9"]
[White "Busic, Nedjeljko"]
[Black "Grams, Arthur"]
[Result "1-0"]
[WhiteElo "1863"]
[BlackElo "1765"]
[PlyCount "47"]
[EventDate "2007.10.22"]
[EventType "swiss"]
[EventRounds "9"]
[EventCountry "GER"]
[SourceTitle "EXT 2008"]
[Source "ChessBase"]
[SourceDate "2007.11.25"]
[SourceVersion "1"]
[SourceVersionDate "2007.11.25"]
[SourceQuality "1"]

1. e4 e5 2. Nf3 Nf6 3. Bc4 Bc5 4. Nxe5 Bxf2+ 5. Kxf2 Nxe4+ 6. Kf1 d5 7. Qf3 Be6 8. d3 Nf6 9. Bb3 Qd6 10. Bf4 Qc5 11. Nd2 a5 12. a4 0-0 13. h3 Nc6 14. Nxc6 Qxc6 15. Kg1 b5 16. Kh2 b4 17. Rhe1 Qd7 18. Re5 c5 19. Rg5 g6 20. Re5 Rae8 21. Bg5 c4 22. Qxf6 Qd6 23. Bh6 Qxe5+ 24. Qxe5 1-0

[Event "Chiemgau Seniors Cup 3th"]
[Site "Bergen"]
[Date "2007.10.29"]
[Round "8"]
[White "Juergens, Peter1111"]
[Black "Grams, Arthur"]
[Result "1-0"]
[WhiteElo "1876"]
[BlackElo "1765"]
[PlyCount "70"]
[EventDate "2007.10.22"]
[EventType "swiss"]
[EventRounds "9"]
[EventCountry "GER"]
[SourceTitle "EXT 2008"]
[Source "ChessBase"]
[SourceDate "2007.11.25"]
[SourceVersion "1"]
[SourceVersionDate "2007.11.25"]
[SourceQuality "1"]

1. d4 d5 2. Bf4 e6 3. e3 Bd6 4. Bxd6 Qxd6 5. Qg4 g6 6. Nd2 Nc6 7. c3 e5 8. Qg3 Nge7 9. dxe5 Nxe5 10. Ngf3 Nxf3+ 11. Nxf3 Qxg3 12. hxg3 f6 13. 0-0-0 Be6 14. Nd4 Bf7 15. g4 0-0-0 16. Be2 c6 17. Rh2 Rd6 18. Rdh1 Bg8 19. Rh6 Kd7 20. Bd3 c5 21. Nc2 f5 22. gxf5 c4 23. fxg6 Bf7 24. gxf7 Rxh6 25. Rxh6 cxd3 26. Nd4 Ng6 27. Kd2 Ke7 28. Rh5 Kxf7 29. Rxd5 Ke7 30. Kxd3 a6 31. a4 Rf8 32. f4 Rf6 33. Rh5 Nf8 34. Rh6 Rf7 35. Rb6 Ke8 1-0

[Event "Chiemgau Seniors Cup 3th"]
[Site "Bergen"]
[Date "2007.10.26"]
[Round "5"]
[White "Grams, Arthur"]
[Black "Winter, Bernd"]
[Result "1/2-1/2"]
[WhiteElo "1765"]
[BlackElo "1863"]
[PlyCount "77"]
[EventDate "2007.10.22"]
[EventType "swiss"]
[EventRounds "9"]
[EventCountry "GER"]
[SourceTitle "EXT 2008"]
[Source "ChessBase"]
[SourceDate "2007.11.25"]
[SourceVersion "1"]
[SourceVersionDate "2007.11.25"]
[SourceQuality "1"]

1. Nf3 Nf6 2. d4 g6 3. Bf4 Bg7 4. Nbd2 0-0 5. e4 d6 6. Bg5 Nbd7 7. c3 e5 8. Bc4 Re8 9. Qb3 Re7 10. 0-0 h6 11. Bh4 c6 12. Rfe1 b5 13. Be2 Qc7 14. a4 Rb8 15. axb5 cxb5 16. Rec1 g5 17. Bg3 Nh5 18. Qa3 Nxg3 19. fxg3 a6 20. h4 g4 21. Ne1 h5 22. Nd3 Qb6 23. Kh2 exd4 24. Nf4 Nf6 25. cxd4 Qxd4 26. Rd1 Qc5 27. Qa5 Bb7 28. Rac1 Qf2 29. Rf1 Qd4 30. Rc7 Rxc7 31. Qxc7 Re8 32. Qxb7 Qxd2 33. Qxa6 b4 34. Bd3 Qxb2 35. Rb1 Qd4 36. Qb5 Re5 37. Qb8+ Re8 38. Rxb4 Rxb8 39. Rxd4 1/2-1/2

[Event "Chiemgau Seniors Cup 3th"]
[Site "Bergen"]
[Date "2007.10.23"]
[Round "2"]
[White "Budt, Karl Heinz"]
[Black "Grams, Arthur"]
[Result "0-1"]
[WhiteElo "1988"]
[BlackElo "1765"]
[PlyCount "69"]
[EventDate "2007.10.22"]
[EventType "swiss"]
[EventRounds "9"]
[EventCountry "GER"]
[SourceTitle "EXT 2008"]
[Source "ChessBase"]
[SourceDate "2007.11.25"]
[SourceVersion "1"]
[SourceVersionDate "2007.11.25"]
[SourceQuality "1"]

1. d4 Nf6 2. c4 e5 3. dxe5 Ng4 4. e3 Nxe5 5. Nh3 Bb4+ 6. Bd2 Qe7 7. Nf4 c6 8. Nc3 0-0 9. a3 Bd6 10. Ne4 Re8 11. Nxd6 Qxd6 12. Bb4 Qh6 13. Qd6 f6 14. Be2 Nf7 15. Qd2 b6 16. 0-0 Bb7 17. Bc3 Qg5 18. Rad1 d6 19. Nh3 Qh6 20. f4 c5 21. Bf3 Bxf3 22. Rxf3 Nc6 23. Nf2 Kf8 24. Rh3 Qg6 25. e4 h6 26. Qe2 Rad8 27. Rg3 Qh7 28. Qf3 Ne7 29. Ng4 Ng8 30. Re1 Re7 31. e5 h5 32. Ne3 fxe5 33. fxe5 dxe5 34. Nf5 Red7 35. Rxg7 0-1

[Event "Hessen-ch Seniors op 03rd"]
[Site "Bad Sooden-Allendorf"]
[Date "2007.04.30"]
[Round "3"]
[White "Hespers, Rolf"]
[Black "Grams, Arthur"]
[Result "0-1"]
[WhiteElo "1548"]
[BlackElo "1723"]
[PlyCount "64"]
[EventDate "2007.04.27"]
[EventType "swiss"]
[EventRounds "9"]
[EventCountry "GER"]
[SourceTitle "EXT 2022"]
[Source "ChessBase"]
[SourceDate "2021.10.06"]
[SourceVersion "1"]
[SourceVersionDate "2021.10.06"]
[SourceQuality "1"]

1. d4 Nf6 2. f3 d5 3. e4 dxe4 4. Nc3 exf3 5. Nxf3 e6 6. a3 Nd5 7. Bd2 Be7 8. Bc4 c6 9. 0-0 0-0 10. Ne2 Bf6 11. c3 Nd7 12. Qc2 Re8 13. Rae1 Nf8 14. Nf4 Nxf4 15. Bxf4 Ng6 16. Bg3 b6 17. Bd3 Bb7 18. Bxg6 hxg6 19. Be5 Rc8 20. Bxf6 gxf6 21. Qe4 Kg7 22. Qf4 Rh8 23. Rf2 c5 24. dxc5 Rxc5 25. Rd2 Rd5 26. Red1 Rhh5 27. g4 Rxd2 28. Rxd2 Rd5 29. Qe3 g5 30. c4 Rd6 31. Rxd6 Qxd6 32. Qd4 Qc6 0-1

[Event "Baden-ch Seniors"]
[Site "Oberwinden"]
[Date "2007.04.10"]
[Round "5"]
[White "Volk, Werner"]
[Black "Grams, Arthur"]
[Result "1-0"]
[WhiteElo "1980"]
[BlackElo "1974"]
[PlyCount "69"]
[EventDate "2007.04.06"]
[EventType "swiss"]
[EventRounds "9"]
[EventCountry "GER"]
[SourceTitle "CBM 117 Extra"]
[Source "ChessBase"]
[SourceDate "2007.05.09"]
[SourceVersion "1"]
[SourceVersionDate "2007.05.09"]
[SourceQuality "1"]

1. c4 Nf6 2. Nf3 b6 3. g3 Bb7 4. Bg2 e5 5. d3 Bb4+ 6. Nbd2 0-0 7. 0-0 Re8 8. a3 Bxd2 9. Bxd2 d6 10. Qc2 Nbd7 11. b4 Rb8 12. Bc3 d5 13. cxd5 Nxd5 14. Bb2 N5f6 15. Rac1 Rc8 16. Qc4 h6 17. Qh4 Qe7 18. Rfe1 c5 19. bxc5 Bxf3 20. Bxf3 Nxc5 21. Bg2 Qd6 22. Rcd1 Ne6 23. Qa4 Re7 24. d4 exd4 25. Bxd4 Nxd4 26. Rxd4 Qc5 27. e3 Qc3 28. Red1 Rc5 29. Rd8+ Kh7 30. Qf4 Qxa3 31. Bf1 Rce5 32. Bd3+ Ne4 33. Bxe4+ Rxe4 34. Qf5+ g6 35. Qf6 1-0

[Event "Baden-ch Seniors"]
[Site "Oberwinden"]
[Date "2007.04.06"]
[Round "1"]
[White "Schneider, Klaus"]
[Black "Grams, Arthur"]
[Result "0-1"]
[WhiteElo "1688"]
[BlackElo "1974"]
[PlyCount "70"]
[EventDate "2007.04.06"]
[EventType "swiss"]
[EventRounds "9"]
[EventCountry "GER"]
[SourceTitle "CBM 117 Extra"]
[Source "ChessBase"]
[SourceDate "2007.05.09"]
[SourceVersion "1"]
[SourceVersionDate "2007.05.09"]
[SourceQuality "1"]

1. d4 Nf6 2. c4 e5 3. dxe5 Ng4 4. Nf3 Nc6 5. e3 Bb4+ 6. Nbd2 Qe7 7. a3 Bxd2+ 8. Bxd2 Ngxe5 9. Nxe5 Nxe5 10. Be2 0-0 11. 0-0 b6 12. f4 Nc6 13. Bf3 Rb8 14. Qc2 Nd8 15. Be4 h6 16. f5 f6 17. Rae1 Re8 18. Bf3 Bb7 19. Bh5 Nf7 20. Bf3 Be4 21. Bxe4 Qxe4 22. Qa4 Qd3 23. Bc1 d6 24. Rd1 Qe4 25. Rf4 Qb7 26. Rg4 a6 27. Qb3 Re4 28. Rg3 Rbe8 29. Rd5 Qc6 30. Rd4 Rxd4 31. exd4 Re1+ 32. Kf2 Rxc1 33. Qe3 Qxc4 34. Qe8+ Kh7 35. Qe6 Qf1+ 0-1

[Event "Hessen-ch Seniors op 02nd"]
[Site "Bad Sooden-Allendorf"]
[Date "2006.04.26"]
[Round "2"]
[White "Johannsen, Ingbert"]
[Black "Grams, Arthur"]
[Result "1-0"]
[WhiteElo "2008"]
[BlackElo "1747"]
[PlyCount "73"]
[EventDate "2006.04.25"]
[EventType "swiss"]
[EventRounds "9"]
[EventCountry "GER"]
[SourceTitle "EXT 2007"]
[Source "ChessBase"]
[SourceDate "2006.11.23"]
[SourceVersion "1"]
[SourceVersionDate "2006.11.23"]
[SourceQuality "1"]

1. e4 e5 2. Nc3 Nf6 3. f4 d6 4. Nf3 Nc6 5. Bb5 exf4 6. d4 a6 7. Be2 d5 8. e5 Nh5 9. 0-0 Bg4 10. Ne1 Bxe2 11. Nxe2 g5 12. b3 Qd7 13. c4 0-0-0 14. c5 Ng7 15. Bd2 Nf5 16. Nc2 h5 17. b4 Na7 18. a4 c6 19. Nc3 Bg7 20. Qe2 Kb8 21. Rfb1 Rde8 22. b5 cxb5 23. axb5 axb5 24. Qd3 f6 25. Rxa7 Kxa7 26. Nxb5+ Kb8 27. Qa3 Qc6 28. Na7 Qe6 29. Rb6 Qf7 30. Nb5 Re7 31. e6 Qxe6 32. Rxe6 Rxe6 33. Qa7+ Kc8 34. Qa8+ Kd7 35. Qxb7+ Ke8 36. Nc7+ Kf7 37. Qxd5 1-0

[Event "Hessen-ch Seniors op 02nd"]
[Site "Bad Sooden-Allendorf"]
[Date "2006.04.25"]
[Round "1"]
[White "Grams, Arthur"]
[Black "Braeu, Emmi"]
[Result "1-0"]
[WhiteElo "1747"]
[BlackElo "1455"]
[PlyCount "75"]
[EventDate "2006.04.25"]
[EventType "swiss"]
[EventRounds "9"]
[EventCountry "GER"]
[SourceTitle "EXT 2007"]
[Source "ChessBase"]
[SourceDate "2006.11.23"]
[SourceVersion "1"]
[SourceVersionDate "2006.11.23"]
[SourceQuality "1"]

1. Nf3 Nf6 2. c4 g6 3. d4 Bg7 4. Nc3 0-0 5. e4 d6 6. Be2 c6 7. 0-0 Nbd7 8. Be3 Ng4 9. Bf4 e5 10. Bg3 Qe7 11. h3 Nh6 12. Qd2 exd4 13. Nxd4 Nc5 14. Bf3 f5 15. Rfe1 fxe4 16. Nxe4 Nxe4 17. Rxe4 Qd7 18. Rae1 Nf5 19. Nxf5 Qxf5 20. Qxd6 Qd7 21. b3 Qxd6 22. Bxd6 Rd8 23. Bc7 Rf8 24. Bd6 Rd8 25. c5 Bf5 26. Re7 Bf8 27. Rxb7 Bxd6 28. cxd6 Rxd6 29. Ree7 Rf6 30. Rg7+ Kf8 31. Rxh7 Kg8 32. Be2 Be6 33. Rxa7 Re8 34. Bd3 Bf7 35. Rhxf7 Re1+ 36. Kh2 Rd6 37. Bc4 Rd8 38. Rfe7+ 1-0

[Event "Bad Woerishofen Seniors opA 22th"]
[Site "Bad Woerishofen"]
[Date "2006.03.22"]
[Round "6"]
[White "Buchner, Matthias"]
[Black "Grams, Arthur"]
[Result "0-1"]
[WhiteElo "1469"]
[BlackElo "1735"]
[PlyCount "48"]
[EventDate "2006.03.17"]
[EventType "swiss"]
[EventRounds "9"]
[EventCountry "GER"]
[SourceTitle "EXT 2022"]
[Source "ChessBase"]
[SourceDate "2021.10.06"]
[SourceVersion "1"]
[SourceVersionDate "2021.10.06"]
[SourceQuality "1"]

1. e4 e5 2. Nf3 Nf6 3. d3 Nc6 4. Bd2 Bc5 5. a3 d6 6. h3 h6 7. Be2 Be6 8. 0-0 Qc8 9. Kh2 g5 10. Ng1 Ne7 11. b4 Bb6 12. c4 Ng6 13. Be3 Nf4 14. c5 Nxe2 15. Qxe2 dxc5 16. bxc5 Ba5 17. Bd2 Bxd2 18. Nxd2 Qd7 19. Ngf3 0-0-0 20. Nxe5 Qd4 21. Nef3 Qxc5 22. Rfc1 Qd6+ 23. e5 Qxd3 24. exf6 Qxe2 0-1

[Event "Bad Woerishofen Seniors opA 22th"]
[Site "Bad Woerishofen"]
[Date "2006.03.20"]
[Round "4"]
[White "Grams, Arthur"]
[Black "Hoenig, Josef"]
[Result "1-0"]
[WhiteElo "1735"]
[BlackElo "1620"]
[PlyCount "49"]
[EventDate "2006.03.17"]
[EventType "swiss"]
[EventRounds "9"]
[EventCountry "GER"]
[SourceTitle "EXT 2022"]
[Source "ChessBase"]
[SourceDate "2021.10.06"]
[SourceVersion "1"]
[SourceVersionDate "2021.10.06"]
[SourceQuality "1"]

1. Nf3 d6 2. d4 g6 3. e4 Bg7 4. Bc4 h6 5. c3 Nf6 6. Qb3 e6 7. e5 Nh7 8. Bf4 d5 9. Bd3 Nf8 10. 0-0 Nc6 11. Nbd2 a6 12. Qc2 Qe7 13. b4 g5 14. Bg3 Na7 15. a4 c6 16. b5 c5 17. dxc5 Qxc5 18. Nd4 Nd7 19. Rfe1 0-0 20. N2b3 Qc7 21. f4 gxf4 22. Bxf4 Nxe5 23. b6 Nf3+ 24. Nxf3 Qxf4 25. bxa7 1-0

[Event "Bad Woerishofen Seniors opA 22th"]
[Site "Bad Woerishofen"]
[Date "2006.03.18"]
[Round "2"]
[White "Duer, Maria"]
[Black "Grams, Arthur"]
[Result "1/2-1/2"]
[WhiteElo "1767"]
[BlackElo "1735"]
[PlyCount "25"]
[EventDate "2006.03.17"]
[EventType "swiss"]
[EventRounds "9"]
[EventCountry "GER"]
[SourceTitle "EXT 2022"]
[Source "ChessBase"]
[SourceDate "2021.10.06"]
[SourceVersion "1"]
[SourceVersionDate "2021.10.06"]
[SourceQuality "1"]

1. d4 Nf6 2. Nf3 e6 3. c4 c5 4. e3 cxd4 5. exd4 Nc6 6. Nc3 Bb4 7. Qc2 h6 8. Bd3 0-0 9. 0-0 Re8 10. h3 Bd6 11. Re1 a6 12. Ne4 Be7 13. Bd2 1/2-1/2

[Event "Hessen-ch Seniors op 01st"]
[Site "Bad Sooden-Allendorf"]
[Date "2005.04.28"]
[Round "7"]
[White "Helmsen, Franz"]
[Black "Grams, Arthur"]
[Result "1-0"]
[WhiteElo "2004"]
[BlackElo "1772"]
[PlyCount "83"]
[EventDate "2005.04.22"]
[EventType "swiss"]
[EventRounds "9"]
[EventCountry "GER"]
[SourceTitle "EXT 2007"]
[Source "ChessBase"]
[SourceDate "2006.11.23"]
[SourceVersion "1"]
[SourceVersionDate "2006.11.23"]
[SourceQuality "1"]

1. e4 e5 2. Nf3 Nf6 3. Nc3 Bb4 4. d3 d6 5. Bd2 Bg4 6. h3 Bh5 7. Be2 c6 8. 0-0 0-0 9. Bg5 h6 10. Bd2 Bg6 11. a3 Ba5 12. Qc1 Nh7 13. b4 Bb6 14. Na4 Bc7 15. Nc3 Nd7 16. Nh2 f5 17. exf5 Bxf5 18. Ne4 b6 19. Ng3 Be6 20. c4 Rc8 21. Qd1 Qe7 22. Nf3 d5 23. Rc1 Ndf6 24. Nh4 Qd7 25. Ng6 Rf7 26. Bc3 e4 27. dxe4 Bxg3 28. fxg3 Nxe4 29. Be1 Rxf1+ 30. Bxf1 Qd6 31. Nf4 Rd8 32. cxd5 Bf7 33. Qd4 cxd5 34. Bd3 Nhf6 35. Bb1 g5 36. Ne2 Rd7 37. Rc8+ Rd8 38. Rxd8+ Qxd8 39. Nc3 Qa8 40. Nxe4 Nxe4 41. Bxe4 dxe4 42. Bc3 1-0

[Event "Hessen-ch Seniors op 01st"]
[Site "Bad Sooden-Allendorf"]
[Date "2005.04.27"]
[Round "6"]
[White "Grams, Arthur"]
[Black "Piastowski, Kurt"]
[Result "1-0"]
[WhiteElo "1772"]
[BlackElo "1794"]
[PlyCount "101"]
[EventDate "2005.04.22"]
[EventType "swiss"]
[EventRounds "9"]
[EventCountry "GER"]
[SourceTitle "EXT 2007"]
[Source "ChessBase"]
[SourceDate "2006.11.23"]
[SourceVersion "1"]
[SourceVersionDate "2006.11.23"]
[SourceQuality "1"]

1. Nf3 d5 2. e4 dxe4 3. Ng5 Nf6 4. Bc4 e6 5. Nc3 Bb4 6. Ncxe4 Nxe4 7. Nxe4 Nc6 8. c3 Be7 9. d4 0-0 10. 0-0 b6 11. b4 Bb7 12. Bd3 Qd7 13. Qh5 f5 14. Ng5 Bxg5 15. Bxg5 Qf7 16. Qxf7+ Kxf7 17. Rfe1 h6 18. Bf4 Ne7 19. Bc4 Bd5 20. Ba6 Be4 21. f3 Nd5 22. Be5 Bc2 23. a3 c6 24. Bb7 Rad8 25. Bxc6 Rc8 26. b5 Bb3 27. Rac1 Rfd8 28. c4 Ne7 29. Rc3 Nxc6 30. bxc6 Ba4 31. c7 Rd7 32. Rd3 b5 33. cxb5 Bxb5 34. Rb3 Ba6 35. Rb8 Re7 36. Reb1 Ke8 37. f4 Kd7 38. h4 Rce8 39. R1b4 Bc8 40. Ra8 a6 41. Rb6 h5 42. Kf2 Rf7 43. g3 g6 44. Ke3 Rff8 45. Kd3 Rf7 46. Ra7 Rff8 47. Kc4 Rf7 48. Kc5 Rff8 49. d5 Rg8 50. Bf6 exd5 51. Rd6# 1-0